[Event "ENCI Limburg Open"]
[Site "Maastricht NED"]
[Date "2008.05.09"]
[Round "1"]
[White "Miesen,F"]
[Black "Monroy,C"]
[Result "0-1"]
[WhiteElo "2165"]
[BlackElo "2399"]

1.e4 d6 2.d4 Nf6 3.Nc3 Nbd7 4.f4 e5 5.Nf3 exd4 6.Nxd4 g6 7.Be2 Bg7 8.O-O O-O
9.Bf3 c6 10.Nb3 Qc7 11.a4 a5 12.Kh1 Nb6 13.g4 d5 14.exd5 Nfxd5 15.Nxd5 Nxd5
16.Bg2 Rd8 17.Qf3 f5 18.g5 Be6 19.Nc5 Bf7 20.Nd3 Nb4 21.Nxb4 axb4 22.Re1 Re8
23.Rxe8+ Rxe8 24.Bd2 Bxb2 25.Rb1 Qd6 26.Qf2 Bc3 27.Be3 Bd5 28.Bxd5+ Qxd5+
29.Kg1 Rxe3  0-1

[Event "Panamericano w"]
[Site "San Salvador ESA"]
[Date "2008.05.09"]
[Round "6"]
[White "Hernandez,Be"]
[Black "Avelar,G"]
[Result "0-1"]
[WhiteElo "1819"]
[BlackElo "1966"]

1.e4 d6 2.d4 Nf6 3.Nc3 Nbd7 4.f4 e5 5.Nf3 exd4 6.Qxd4 c6 7.h3 d5 8.exd5 Bc5
9.Qd3 O-O 10.Bd2 Re8+ 11.Be2 cxd5 12.O-O-O Ne4 13.Ng5 Ndf6 14.Ncxe4 dxe4
15.Qxd8 Rxd8 16.Bc3 Be3+ 17.Kb1 Bf5 18.g4 Bg6 19.f5 Bxg5 20.fxg6 hxg6 21.Rxd8+ Rxd8
22.Rd1 Rxd1+ 23.Bxd1 Nd5 24.Be5 Bf4 25.Bd4 b6 26.c4 Ne7 27.Be2 Nc6 28.Bc3 Be5
29.Bxe5 Nxe5 30.Kc2 f5 31.Kd2 Kf7 32.Ke3 Ke6 33.g5 Nc6 34.a3 a5 35.Kf4 Nd4
36.Bf1 Kd6 37.h4 Ne6+ 38.Ke3 Ke5 39.Be2 f4+ 40.Kf2 f3 41.Bf1 Kf4 42.Bh3 e3+  0-1

[Event "26th Open"]
[Site "Elba ITA"]
[Date "2008.05.10"]
[Round "1"]
[White "Giacometto,M"]
[Black "Scipioni,G"]
[Result "1-0"]
[WhiteElo "1925"]
[BlackElo "2124"]

1.e4 d6 2.d4 Nf6 3.Nc3 c6 4.Bg5 Nbd7 5.f4 Qa5 6.Qd2 e5 7.Nf3 Be7 8.O-O-O O-O
9.Kb1 Re8 10.h3 h6 11.Bxf6 Bxf6 12.g4 Nf8 13.dxe5 dxe5 14.f5 b5 15.Bd3 b4
16.Ne2 Bb7 17.h4 Bd8 18.g5 b3 19.axb3 Qxd2 20.Rxd2 h5 21.Bc4 g6 22.fxg6 Nxg6
23.Rhd1 Nf8 24.Ng3 c5 25.Bb5 Ba5 26.Bxe8 Bxd2 27.Bxf7+ Kxf7 28.Rxd2 Ke6 29.Re2 Ng6
30.Nxh5 Rh8 31.Ng7+ Kf7 32.Nf5 Ke6 33.Nd2 Bxe4 34.Ng3 Bb7 35.h5 Nf4 36.Rh2 Bd5
37.c4 Bc6 38.h6 Kf7 39.Nge4 Kg6 40.Kc2 Kf5 41.Nxc5 Kxg5 42.Nd3 Nxd3 43.Kxd3 Rxh6
44.Rxh6 Kxh6 45.b4 Kg6 46.b5 Bh1 47.c5 Kf7 48.Nc4 Ke6 49.b4 Bg2 50.Ne3 Bf3
51.c6 Bh1 52.Kc4 Kd6 53.Nf5+ Ke6 54.Ng3 Bf3 55.Kc5 Ke7 56.b6 axb6+ 57.Kxb6 Kd8
58.Kb7 Bg2 59.b5 Bf3 60.Nf5 Bd5 61.Ne3 Bf3 62.Kb8  1-0

[Event "ENCI Limburg Open"]
[Site "Maastricht NED"]
[Date "2008.05.10"]
[Round "2"]
[White "Bijlsma,N"]
[Black "Klein,Le"]
[Result "1-0"]
[WhiteElo "1869"]
[BlackElo "2081"]

1.e4 d6 2.d4 Nf6 3.Nc3 c6 4.f3 Qc7 5.Be3 e5 6.Nge2 b5 7.a3 a6 8.g4 Nbd7 9.Qd2 Be7
10.Ng3 exd4 11.Bxd4 Ne5 12.Bxe5 dxe5 13.g5 Ng8 14.Bd3 h6 15.gxh6 Rxh6 16.O-O-O b4
17.axb4 Bxb4 18.Qe3 Qa5 19.Bc4 Be6 20.Bxe6 Rxe6 21.Nf5 Kf8 22.Nb1 Ne7 23.Rd7 Bc5
24.Qg5 Nxf5 25.exf5 Be7 26.Qg4 Rh6 27.Rg1 Bf6 28.Qc4 Be7 29.Na3 Rd8 30.Rxd8+ Qxd8
31.Qxa6 Bc5 32.Rf1 Rxh2 33.Qxc6 Be7 34.Nc4 Rh6 35.Qb5 Qa8 36.Nxe5 Qa1+ 37.Kd2 Rd6+
38.Kc3 Qa8 39.b4 Rd5 40.Nd7+ Kg8 41.Qb8+ Qxb8 42.Nxb8 Rb5 43.Nc6 Bf6+ 44.Kc4 Rxf5
45.b5 Kf8 46.b6 Rf4+ 47.Kb5 Rf5+ 48.Ka6 Rc5 49.Nb4 Be5 50.Nd3 Rxc2 51.Nxe5 Ra2+
52.Kb7 Ke7 53.Nc6+ Kd6 54.Rd1+ Ke6 55.Kc7  1-0

[Event "ENCI Limburg Open"]
[Site "Maastricht NED"]
[Date "2008.05.10"]
[Round "3"]
[White "Sprangers,R"]
[Black "Monroy,C"]
[Result "0-1"]
[WhiteElo "2211"]
[BlackElo "2399"]

1.e4 d6 2.d4 Nf6 3.Nc3 Nbd7 4.g4 h6 5.h3 e5 6.Nge2 c6 7.Bg2 b5 8.O-O Qc7
9.f4 Bb7 10.a3 Be7 11.Be3 a5 12.Ng3 g6 13.Qf3 O-O-O 14.d5 exf4 15.Qxf4 Ne5
16.Qf2 Nfd7 17.dxc6 Bxc6 18.Nge2 h5 19.g5 Nc4 20.Nd4 Nxe3 21.Qxe3 Qb6 22.Rad1 Ne5
23.Kh1 h4 24.Qe2 Rh5 25.Nxc6 Qxc6 26.Nxb5 Qb6 27.Nc3 Rxg5 28.Nd5 Qb7 29.Rd4 Kd7
30.Qd2 Ke8 31.Nf6+ Bxf6 32.Rxf6 Rg3 33.Rdxd6 Rxd6 34.Rxd6 Ke7 35.Rd8 Nd7
36.Rh8 Qxb2 37.e5 Qa1+ 38.Kh2 Qxe5  0-1

[Event "ENCI Limburg Open"]
[Site "Maastricht NED"]
[Date "2008.05.10"]
[Round "3"]
[White "Singh,Mar"]
[Black "Burg,B"]
[Result "0-1"]
[WhiteElo "1908"]
[BlackElo "2042"]

1.e4 d6 2.d4 Nf6 3.Nc3 Nbd7 4.Nf3 e5 5.dxe5 dxe5 6.Bc4 h6 7.O-O Be7 8.Qe2 c6
9.Rd1 Qc7 10.a4 Nf8 11.h3 g5 12.Be3 Ng6 13.Rd2 Rg8 14.Ne1 Nf4 15.Bxf4 gxf4
16.Kh2 Rg5 17.Rad1 Bd7 18.Rd3 Bc5 19.g3 Bg4 20.hxg4 Nxg4+ 21.Kg2 Nxf2 22.Rd7 Rxg3+
23.Kf1 Nxd1 24.Qxd1 Qxd7 25.Qxd7+ Kxd7 26.Bxf7 f3  0-1

[Event "ENCI Limburg Open"]
[Site "Maastricht NED"]
[Date "2008.05.10"]
[Round "3"]
[White "Hoffmann,Ud"]
[Black "Holscher,P"]
[Result "1-0"]
[WhiteElo "2220"]
[BlackElo "2072"]

1.e4 d6 2.d4 Nf6 3.Nc3 c6 4.f4 Qa5 5.Bd3 e5 6.Nf3 exd4 7.Nxd4 Qb6 8.Nf3 Be7
9.Qe2 O-O 10.Bd2 Bg4 11.O-O-O Nbd7 12.e5 Bxf3 13.gxf3 Nh5 14.Bf5 Nc5 15.Bg4 g6
16.Bxh5 gxh5 17.Be3 d5 18.f5 f6 19.Bh6 Kh8 20.Bxf8 Rxf8 21.Rhg1 Qb4 22.Qg2 Qf4+
23.Kb1 Qh6 24.f4 a5 25.Rdf1 b5 26.Rf3 h4 27.Rh3 fxe5 28.fxe5 b4 29.f6 Bxf6
30.exf6 bxc3  1-0

[Event "I Open"]
[Site "Augustow POL"]
[Date "2008.05.11"]
[Round "2"]
[White "Sabuk,P"]
[Black "Cyborowski,L"]
[Result "0-1"]
[WhiteElo "2044"]
[BlackElo "2541"]

1.e4 d6 2.d4 Nf6 3.Nc3 e5 4.dxe5 dxe5 5.Qxd8+ Kxd8 6.Bc4 Ke8 7.Be3 Bb4 8.Bd3 Be6
9.Nf3 Nbd7 10.Ke2 c6 11.Nb1 Ng4 12.Ng5 Nf8 13.Nxe6 Nxe6 14.Nd2 Nxe3 15.fxe3 Bxd2
16.Kxd2 Ke7 17.Rad1 Rhd8 18.Ke2 Nc5 19.c3 Rd6 20.Bc2 Rg6 21.g3 h5 22.Rhg1 b6
23.Kf3 Nb7 24.Ba4 Rc8 25.Rg2 Nd6 26.Bc2 Nc4 27.b3 Rf6+ 28.Ke2 Nd6 29.a4 Rh8
30.Rf1 Rg6 31.Rfg1 Rg4 32.h3 Rg6 33.Kf3 Rf6+ 34.Ke2 Nb7 35.Rf1 Rxf1 36.Kxf1 h4
37.gxh4 g6 38.Rg4 Nc5 39.Kf2 Nd7 40.Rg1 Rxh4 41.Kg3 g5 42.Kh2 f6 43.b4 Nf8
44.Kg3 Ne6 45.Rf1 Ng7 46.a5 b5 47.Bd3 Ne8 48.Rc1 Nd6 49.c4 bxc4 50.Bxc4 Rxe4
51.Bf1 Rxe3+ 52.Kf2 Rc3 53.Rxc3 Ne4+ 54.Ke3 Nxc3 55.Kd3 Nd5  0-1

[Event "ENCI Limburg Open"]
[Site "Maastricht NED"]
[Date "2008.05.11"]
[Round "5"]
[White "Surewaard,W"]
[Black "Burg,B"]
[Result "0-1"]
[WhiteElo "2213"]
[BlackElo "2042"]

1.e4 d6 2.d4 Nf6 3.Nc3 Nbd7 4.g3 e5 5.Bg2 c6 6.Nf3 Qc7 7.O-O Be7 8.b3 O-O
9.Bb2 Re8 10.Re1 Nf8 11.h3 Ng6 12.Qd2 Bd7 13.Rad1 Rad8 14.Qc1 b5 15.Qa1 Bf8
16.Nb1 exd4 17.Nxd4 Qc8 18.Nf5 Bxf5 19.Bxf6 gxf6 20.exf5 Qxf5 21.Qc3 c5 22.Nd2 d5
23.Nf1 d4 24.Qd3 Qxd3 25.cxd3 Rxe1 26.Rxe1 Ne5 27.Rd1 f5 28.f4 Ng6 29.Kf2 Bd6
30.Nd2 Ne7 31.Re1 Kg7 32.Bb7 Rb8 33.Bf3 Kf6 34.Rc1 Ke6 35.Nf1 Kd7 36.Rc2 Nc6
37.Bxc6+ Kxc6 38.Nh2 Re8 39.Nf3 Kd5 40.Rd2 Re7 41.Ng5 h6 42.Nf3 Re3 43.Nh4 c4
44.bxc4+ bxc4 45.dxc4+ Kxc4 46.Nxf5 Bc5 47.Rb2 Rc3 48.Ke2 Ba3 49.Rb7 Rc2+
50.Kf3 Bc5 51.Nxd4 Bxd4 52.Rxf7 Rxa2 53.Rc7+ Kd3 54.g4 a5 55.h4 a4 56.g5 hxg5
57.hxg5 a3 58.f5 Rf2+ 59.Kg4 a2 60.Rc1 a1=Q 61.Rxa1 Bxa1 62.f6 Bxf6  0-1

[Event "ENCI Limburg Open"]
[Site "Maastricht NED"]
[Date "2008.05.11"]
[Round "5"]
[White "Geuss,P"]
[Black "Moser,E"]
[Result "0-1"]
[WhiteElo "2171"]
[BlackElo "2395"]

1.e4 d6 2.d4 Nf6 3.Nc3 Nbd7 4.Nf3 e5 5.g3 Be7 6.Bg2 c6 7.a4 O-O 8.O-O a5
9.Re1 Re8 10.b3 Qc7 11.Ba3 Nf8 12.Qd2 Ng6 13.Rad1 h6 14.h3 Bd7 15.Qe3 Rad8
16.dxe5 dxe5 17.Bxe7 Rxe7 18.Rd2 Be6 19.Red1 Red7 20.Bf1 Rxd2 21.Rxd2 Rxd2
22.Qxd2 Nd7 23.Qe3 Qd6 24.Nd2 Qc5 25.Qxc5 Nxc5 26.Kg2 Nf8 27.f4 exf4 28.gxf4 f5
29.Kf3 Kf7 30.Ke3 Nfd7 31.h4 Nf6 32.e5 Ng4+ 33.Kd4 Nd7 34.Nc4 c5+ 35.Kd3 Bxc4+
36.bxc4 g5 37.hxg5 hxg5 38.fxg5 Ndxe5+ 39.Ke2 Kg6 40.Bg2 b6 41.Nd5 Nxc4 42.Kd3 Nge5+
43.Kc3 Kxg5 44.Bf1 Nd6 45.Nxb6 Ne4+ 46.Kb2 f4 47.Nd5 f3 48.Kc1 Ng3 49.Ne3 Ng4
50.Nxg4 Kxg4 51.Bd3 f2 52.Kd2 Kf3  0-1

[Event "Panamericano w"]
[Site "San Salvador ESA"]
[Date "2008.05.11"]
[Round "8"]
[White "Sanchez Castillo,S"]
[Black "Avelar,G"]
[Result "1/2-1/2"]
[WhiteElo "2274"]
[BlackElo "1966"]

1.e4 d6 2.d4 Nf6 3.Nc3 Nbd7 4.Nf3 e5 5.Bc4 Be7 6.Qe2 O-O 7.Bg5 c6 8.dxe5 dxe5
9.O-O b5 10.Bd3 Qc7 11.Nh4 Nc5 12.Nf5 Bxf5 13.exf5 Nxd3 14.Qxd3 Rad8 15.Qh3 Nd5
16.Ne4 Bxg5 17.Nxg5 Nf6 18.Rae1 Rd5 19.Ne4 Nxe4 20.Rxe4 Qd6 21.Rg4 Rd4 22.c3 Rxg4
23.Qxg4 Rd8 24.h3 f6 25.a4 a6 26.axb5 axb5 27.Ra1 Qd2 28.Qb4 Qd7 29.Qc5 Qd6
30.Qb6 Rb8 31.Qa7 Rd8 32.Qb7 Qd7 33.Qb6 Qd6 34.Ra6 Qd1+ 35.Kh2 Qd2 36.Ra7 Qf4+
37.g3 Qd2 38.h4 Rd7 39.Ra8+ Kf7 40.Ra7 Ke7 41.Qc5+ Qd6 42.Rxd7+ Kxd7 43.Qa7+ Qc7
44.Qa8 Qc8 45.Qa3 Ke8 46.g4 Qd7 47.Qa8+ Kf7 48.Qa2+ Kf8 49.Qa3+ Ke8 50.Qa8+ Kf7
51.Qa2+ Kf8  1/2-1/2

[Event "ENCI Limburg Open"]
[Site "Maastricht NED"]
[Date "2008.05.12"]
[Round "6"]
[White "Berg,E"]
[Black "Monroy,C"]
[Result "1/2-1/2"]
[WhiteElo "2601"]
[BlackElo "2399"]

1.e4 d6 2.d4 Nf6 3.Nc3 Nbd7 4.Nf3 e5 5.Bc4 Be7 6.O-O O-O 7.a4 c6 8.Re1 b6
9.Ba2 a6 10.h3 Rb8 11.Qd3 b5 12.axb5 axb5 13.Ne2 exd4 14.Nexd4 Qc7 15.Nf5 Nc5
16.Qe3 Bxf5 17.exf5 Rb7 18.b4 Nce4 19.Bb2 d5 20.Be5 Qd7 21.c3 Qxf5 22.Bb1 Bd8
23.Bxf6 Qxf6 24.Bxe4 dxe4 25.Nd2 Bb6 26.Nxe4 Qf5 27.Qe2 Ra7 28.Rad1 Re7 29.Kh1 Rfe8
30.Nd6 Rxe2 31.Rxe2 Rxe2 32.Nxf5 g6 33.Nd4 Bxd4  1/2-1/2

[Event "Mayors Cup Open"]
[Site "Mumbai IND"]
[Date "2008.05.12"]
[Round "2"]
[White "Gadekar,S"]
[Black "Koshy,V"]
[Result "0-1"]
[WhiteElo "1965"]
[BlackElo "2270"]

1.d4 d6 2.e4 Nf6 3.Nc3 e5 4.Nf3 Nbd7 5.Bc4 Be7 6.O-O O-O 7.Re1 c6 8.a4 b6
9.Bg5 a6 10.Qd2 h6 11.Bh4 Qc7 12.h3 Bb7 13.Bg3 b5 14.axb5 axb5 15.Rxa8 Rxa8
16.dxe5 Nxe5 17.Nxe5 dxe5 18.Bb3 b4 19.Nd1 c5 20.Bd5 Rd8 21.c4 bxc3 22.Nxc3 Nxd5
23.exd5 f6 24.f4 exf4 25.Bxf4 Bd6 26.Be3 Be5 27.Nb5 Qb6 28.Nc3 Bxc3 29.Qxc3 Rxd5
30.Rc1 Qc6 31.Qc2 Kh8 32.Qf2 Rf5 33.Qg3 Re5 34.Bf4 Re2 35.Kf1 Rxg2 36.Qe3 Rxb2
37.Rxc5 Qh1+ 38.Qg1 Qf3+  0-1

[Event "Mayors Cup Open"]
[Site "Mumbai IND"]
[Date "2008.05.12"]
[Round "2"]
[White "Mehar,C"]
[Black "Devesh,M"]
[Result "1-0"]
[WhiteElo "2265"]
[BlackElo "1955"]

1.e4 d6 2.d4 Nf6 3.Nc3 Nbd7 4.Nf3 e5 5.Bc4 Be7 6.O-O O-O 7.Re1 c6 8.a4 Qc7
9.h3 b6 10.d5 Bb7 11.Bg5 a6 12.dxc6 Bxc6 13.Bd5 Rfe8 14.Bxc6 Qxc6 15.Bxf6 Nxf6
16.Qd3 Rec8 17.Nh2 Qc4 18.Qxc4 Rxc4 19.Ng4 Nxg4 20.hxg4 Kf8 21.Nd5 Bd8 22.c3 Rb8
23.b3 Rc5 24.Red1 g6 25.Rd3 Rbc8 26.c4 a5 27.Rad1 R5c6 28.g3 Rb8 29.Kg2 Rb7
30.Nc3 Be7 31.Rd5 Rc5 32.R5d3 Rc6 33.Nb5 Rd7 34.f4 f6 35.g5 exf4 36.gxf6 Bxf6
37.gxf4 Be7 38.e5 Rc5 39.Nxd6 Rc6 40.Ne4 Rdc7 41.Kf3 Re6 42.Rd5 Rec6 43.Nc3 Re6
44.Ke4 Bc5 45.Rd8+ Kf7 46.R1d7+ Re7 47.Rxc7 Rxc7 48.Nd5 Rb7 49.f5 gxf5+ 50.Kxf5 Be7
51.e6+ Kg7 52.Nxe7 Rxe7 53.Rd7  1-0

[Event "Mayors Cup Open"]
[Site "Mumbai IND"]
[Date "2008.05.13"]
[Round "4"]
[White "Singh,Gurp"]
[Black "Devesh,M"]
[Result "1-0"]
[WhiteElo "2232"]
[BlackElo "1955"]

1.e4 d6 2.d4 Nf6 3.Nc3 Nbd7 4.Be3 e5 5.f3 Be7 6.Qd2 a6 7.O-O-O exd4 8.Qxd4 c5
9.Qd2 Ne5 10.Bg5 Be6 11.Kb1 b5 12.f4 b4 13.Bxf6 bxc3 14.Bxe7 Kxe7 15.Qxc3 Nc6
16.Nf3 f6 17.e5  1-0

[Event "Mayors Cup Open"]
[Site "Mumbai IND"]
[Date "2008.05.13"]
[Round "4"]
[White "Sinha,Sud"]
[Black "Mitali,M"]
[Result "1-0"]
[WhiteElo "2211"]
[BlackElo "1940"]

1.e4 d6 2.d4 Nf6 3.Nc3 e5 4.Nf3 Nbd7 5.Be2 Be7 6.O-O O-O 7.b3 c6 8.Bb2 Re8
9.Re1 Bf8 10.Bf1 Qc7 11.a4 Rb8 12.Qd2 b6 13.Rad1 a6 14.h3 b5 15.Nh2 exd4
16.Qxd4 b4 17.Na2 a5 18.g4 d5 19.exd5 Rxe1 20.Rxe1 cxd5 21.Qd1 Bc5 22.Bg2 Bb7
23.Nc1 Bxf2+ 24.Kxf2 Qxh2 25.Qd4 Ne4+ 26.Rxe4 f6 27.Re2 Ne5 28.Nd3 Rf8 29.Nf4 g5
30.Nh5 Ng6 31.Ke1 Qd6 32.Nxf6+ Kf7 33.Nxh7 Qg3+ 34.Kd1 Nf4 35.Qg7+  1-0

[Event "Mayors Cup Open"]
[Site "Mumbai IND"]
[Date "2008.05.13"]
[Round "4"]
[White "Amrutha,M"]
[Black "Thakur,Ak"]
[Result "1/2-1/2"]
[WhiteElo "2163"]
[BlackElo "2300"]

1.e4 d6 2.d4 Nf6 3.Nc3 Nbd7 4.Nf3 e5 5.Bc4 Be7 6.dxe5 Nxe5 7.Nxe5 dxe5 8.Qe2 c6
9.a4 Qc7 10.O-O O-O 11.Kh1 Bg4 12.f3 Bh5 13.Be3 Ne8 14.Qf2 b6 15.Rab1 Nd6
16.Ba2 Kh8 17.g4 Bg6 18.b4 f6 19.Qe2 Bf7 20.Bxf7 Rxf7 21.Rfd1 Bf8 22.b5 cxb5
23.Nxb5 Qc6 24.Nxd6 Bxd6 25.Rd5 Rc7 26.a5 bxa5 27.Rxa5 Qxc2 28.Qxc2 Rxc2
29.Rxa7 Rxa7 30.Bxa7 h6 31.Rf1 Ra2 32.Bb6 Rb2 33.Ba7 Ra2 34.Bb6 Kh7 35.Rf2 Ra6
36.Be3 Kg6 37.Kg2 h5 38.h3 Ra3 39.Bb6 Rb3 40.Ba7 Ra3 41.Bb6 Rb3 42.Ba7 Rc3
43.Kg3 Bb4 44.Kh4 hxg4 45.Kxg4 Ra3 46.Bb6 Ra6 47.Be3 Ra3 48.Bb6 Ra4 49.h4 Ra6
50.h5+ Kf7 51.Be3 Re6  1/2-1/2

[Event "III President's Cup"]
[Site "Baku AZE"]
[Date "2008.05.14"]
[Round "3"]
[White "Safarli,E"]
[Black "Beliavsky,A"]
[Result "1-0"]
[WhiteElo "2524"]
[BlackElo "2641"]

1.e4 d6 2.d4 Nf6 3.Nc3 e5 4.Nf3 Nbd7 5.Bc4 Be7 6.O-O O-O 7.Re1 h6 8.a4 Re8
9.h3 c6 10.Ba2 Qc7 11.Be3 Nf8 12.Nh4 Ng4 13.hxg4 Bxh4 14.d5 Qd7 15.b4 Qxg4
16.dxc6 bxc6 17.Qxg4 Bxg4 18.b5 Bd7 19.Red1 Be7 20.bxc6 Bxc6 21.Nb5 Red8
22.Bd5 Bxd5 23.Rxd5 a6 24.Nc7 Rac8 25.Nxa6 Rc4 26.Rb5 Nd7 27.Nb4 Rb8 28.Rxb8+ Nxb8
29.c3 Bg5 30.Bxg5 hxg5 31.a5 Rc7 32.a6 Ra7 33.Rd1 Nxa6 34.Ra1 Rc7 35.Rxa6 Rxc3
36.Nd5 Rc4 37.f3 g4 38.Rxd6 g3 39.Ne3 Rc3 40.Nd1 Rc2 41.Kf1 g6 42.Ne3 Ra2
43.Rc6 Kg7 44.Rc2 Ra1+ 45.Ke2 Rh1 46.Ng4 Rg1 47.Ke3 f6 48.Rc7+ Kf8 49.Nxf6 Rxg2
50.Nd7+ Ke7 51.Nxe5+  1-0

[Event "Mayors Cup Open"]
[Site "Mumbai IND"]
[Date "2008.05.14"]
[Round "5"]
[White "Prince,Ba"]
[Black "Koshy,V"]
[Result "1-0"]
[WhiteElo "2000"]
[BlackElo "2270"]

1.e4 d6 2.d4 Nf6 3.Nc3 e5 4.Nf3 Nbd7 5.Bc4 Be7 6.O-O O-O 7.a4 c6 8.Re1 b6
9.h3 a6 10.Ba2 Bb7 11.dxe5 dxe5 12.Nh4 g6 13.Bh6 Re8 14.Qf3 Nf8 15.Nf5 N8d7
16.Rad1 Bf8 17.Nd6 Bxd6 18.Rxd6 Qe7 19.Red1  1-0

[Event "Kaupthing Open"]
[Site "Differdange LUX"]
[Date "2008.05.16"]
[Round "8"]
[White "Schweitzer,V"]
[Black "Tudorie,S"]
[Result "1-0"]
[WhiteElo "2218"]
[BlackElo "2119"]

1.e4 d6 2.d4 Nf6 3.Nc3 c6 4.f4 b5 5.a3 Qa5 6.Bd2 Qb6 7.e5 dxe5 8.fxe5 Nd5
9.Nxd5 cxd5 10.c3 a6 11.Bd3 Qe6 12.Nf3 f5 13.O-O g6 14.a4 bxa4 15.Qxa4+ Bd7
16.Qb3 Bc6 17.Bxa6 Nxa6 18.Rxa6 Rxa6 19.Qb8+ Kd7 20.Ng5 Bh6 21.Qxh8 Bxg5
22.Bxg5 Bb5 23.Re1 Ra2 24.Bc1 Bd3 25.Qxh7 f4 26.Qh4 Qf5 27.e6+ Ke8 28.Qh8+ Qf8
29.Qe5 Ra8 30.Qxd5 Ra7 31.Qe5  1-0

[Event "Mayors Cup Open"]
[Site "Mumbai IND"]
[Date "2008.05.16"]
[Round "8"]
[White "Amrutha,M"]
[Black "Devesh,M"]
[Result "1-0"]
[WhiteElo "2163"]
[BlackElo "1955"]

1.e4 d6 2.d4 Nf6 3.Nc3 Nbd7 4.Be3 e5 5.f3 c6 6.Qd2 Be7 7.g4 b5 8.g5 Nh5 9.d5 b4
10.dxc6 bxc3 11.cxd7+ Bxd7 12.Qxc3 Bxg5 13.O-O-O Be7 14.Ba6 O-O 15.Ne2 Qb8
16.Rhg1 Bb5 17.Bxb5 Qxb5 18.Ng3 Nxg3 19.Rxg3 Rfc8 20.Qd3 Qa4 21.Qb3 Qc6 22.Rd3 Rab8
23.Rc3 Qa6 24.Rxc8+ Rxc8 25.Rg1 Qe2 26.Bxa7 Qxh2 27.a4 h5 28.a5 Qe2 29.c3 Qxf3
30.Qb7 Re8 31.a6 Bg5+ 32.Rxg5 Qf4+ 33.Kb1 Qxg5 34.Bb8 Qg1+ 35.Ka2 Qd1 36.Qb5 Rxb8
37.Qxb8+ Kh7 38.Qe8 Qd3 39.Qa4 Qh3 40.a7 Qe6+ 41.Ka3  1-0

[Event "Capo d'Orso Open"]
[Site "Porto Mannu Palau ITA"]
[Date "2008.05.17"]
[Round "1"]
[White "Weber,Me"]
[Black "Trussardi,G"]
[Result "1-0"]
[WhiteElo "2112"]
[BlackElo "1883"]

1.e4 d6 2.d4 Nf6 3.Nc3 c6 4.Be3 Qa5 5.f3 e5 6.Bc4 Nbd7 7.g4 d5 8.Bd3 exd4
9.Bxd4 c5 10.Bxf6 Nxf6 11.exd5 Nxd5 12.Bb5+ Bd7 13.Bxd7+ Kxd7 14.Qxd5+ Ke8
15.O-O-O Be7 16.Qxb7 Bg5+ 17.f4 Bxf4+ 18.Kb1  1-0

[Event "Capo d'Orso Open"]
[Site "Porto Mannu Palau ITA"]
[Date "2008.05.17"]
[Round "1"]
[White "Sprotte,N"]
[Black "Scalcione,M"]
[Result "1/2-1/2"]
[WhiteElo "2217"]
[BlackElo "2455"]

1.d4 d6 2.e4 Nf6 3.Nc3 e5 4.dxe5 dxe5 5.Qxd8+ Kxd8 6.Bg5 Be6 7.O-O-O+ Nd7
8.f4 exf4 9.Nge2 Kc8 10.Nxf4 Bg4 11.Re1 Ne5 12.h3 Be6 13.Ncd5 Nfd7 14.Nxe6 fxe6
15.Ne3 h6 16.Bf4 Bd6 17.Bh2 Kd8 18.Bg1 Rf8 19.Bd3 Ke7 20.Nc4 Nxc4 21.Bxc4 Ne5
22.Bd3 c5 23.Be3 c4 24.Be2 Rac8 25.Rhf1 Bc5 26.Bd2 b5 27.Rxf8 Rxf8 28.Rf1 Rd8
29.Bc3 Bd6 30.a3 Rg8 31.Bh5 g6 32.Be2 Ra8 33.Ba5 Nc6 34.Bd2 Rh8 35.Be3 a6
36.c3 g5 37.Kc2 Rg8 38.Bh5 Bg3 39.Bc5+ Kd7 40.Rd1+ Kc7 41.Bf7 Rd8 42.Bxe6 Bd6
43.Be3 Rf8 44.Bf5 Ne5 45.g4 Nd3 46.Rh1 Bg3 47.Bd4 Rd8 48.e5 Nxe5 49.Bxe5+ Bxe5
50.Rd1 Bd6 51.Rd4 Re8 52.Re4 Be5 53.a4 Kd6 54.axb5 axb5 55.Re1 Rb8 56.Rd1+ Kc5
57.Re1 Bf4 58.Re2 b4 59.cxb4+ Rxb4 60.Re8 Kd5 61.Rd8+ Bd6 62.Bg6 Kc5 63.Bf7 Bf4
64.Rc8+ Kd4 65.Rc6 Be5 66.b3 cxb3+ 67.Bxb3 Ke3 68.Rxh6 Rf4 69.Be6 Rb4 70.Bb3 Rf4
71.Be6 Rf2+ 72.Kb3 Rh2 73.Kc4 Kf4 74.Rh7 Rc2+ 75.Kd5 Rd2+ 76.Kc4 Rh2 77.Kd5 Rd2+
78.Kc4 Rh2  1/2-1/2

[Event "TCh-HUN 2007-8"]
[Site "Budapest HUN"]
[Date "2008.05.18"]
[Round "11"]
[White "Torok,S"]
[Black "Somlai,L"]
[Result "0-1"]
[WhiteElo "2280"]
[BlackElo "2369"]

1.e4 d6 2.d4 Nf6 3.Nc3 e5 4.Nf3 Nbd7 5.Bc4 Be7 6.a4 O-O 7.O-O c6 8.a5 Rb8
9.Qe2 b5 10.axb6 axb6 11.d5 b5 12.dxc6 bxc4 13.cxd7 Bxd7 14.Qxc4 Qb6 15.Re1 Rfc8
16.Qd3 Be6 17.b3 Qc5 18.Bd2 h6 19.h3 Ne8 20.Ra2 Qc6 21.Rea1 Nc7 22.Ra7 Bf6
23.Re1 d5 24.exd5 Nxd5 25.Ra6 Qc5 26.Nxd5 Qxd5 27.Qxd5 Bxd5 28.Nxe5 Rxc2
29.Nd7 Rxd2 30.Nxb8 Bxb3 31.Nc6 Bh4 32.g3 Bf6 33.Ne5 Be6 34.h4 h5 35.Ra5 Bxe5
36.Raxe5 g6 37.R1e2 Rd1+ 38.Re1 Rd2 39.R5e2 Rd3 40.Kh2 Kg7 41.Re3 Rd2 42.R1e2 Rd1
43.f3 Bc4 44.Rc2 Be6 45.Kg2 Bd5 46.Kf2 Be6 47.Re1 Rd3 48.Ke2 Ra3 49.Rd2 Bc4+
50.Kf2 Be6 51.Re3 Ra1 52.Rc3 Rb1 53.Ke3 Ra1 54.Rd4 Kf6 55.Kf4 Rf1 56.Rb4 Rg1
57.Rb6 Rf1 58.Ke4 Rg1 59.Kf4 Rf1 60.Rbc6 Ra1 61.Rd6 Ra5 62.Rcd3 Rf5+ 63.Ke3 Re5+
64.Kd4 Re1 65.Kc5 Rg1 66.f4 Rc1+ 67.Kb6 Rb1+ 68.Kc7 Rc1+ 69.Rc6 Ra1 70.Rb6 Rc1+
71.Kd6 Rc2 72.Re3 Rd2+ 73.Kc7 Rc2+ 74.Rc6 Rd2 75.Rcc3 Rd7+ 76.Kc6 Rd1 77.Re5 Ra1
78.Kb7 Rb1+ 79.Kc7 Rd1 80.Rc6 Rd3 81.Rg5 Ke7 82.Kb6 Bg4 83.Re5+ Kf8 84.Kc7 Rxg3
85.Rd6 Rc3+ 86.Rc6 Rf3 87.Rc4 Be6 88.Rd4 Ke7 89.Rd7+ Kf6 90.Rd4 Rh3 91.Kd8 Rxh4
92.Ra5 Rg4 93.Rb5 h4 94.Rb2 h3 95.Rh2 Rg2 96.Rd2 Rxd2+ 97.Rxd2 Kf5 98.Ke7 Kxf4
99.Kf6 g5 100.Rd4+ Ke3 101.Rd1 g4 102.Kg5 h2 103.Re1+ Kf2 104.Rb1 g3 105.Kf4 Kg2
106.Rb2+ Kh3 107.Rb1 Bd5  0-1

[Event "Mayors Cup Open"]
[Site "Mumbai IND"]
[Date "2008.05.18"]
[Round "10"]
[White "Saptarshi,R"]
[Black "Gagunashvili,M"]
[Result "1/2-1/2"]
[WhiteElo "2387"]
[BlackElo "2553"]

1.e4 d6 2.d4 Nf6 3.Nc3 e5 4.Nf3 Nbd7 5.Bc4 Be7 6.O-O O-O 7.Re1 c6 8.a4 h6
9.h3 Qc7 10.b3 Re8 11.Ba3 Nf8 12.Qd2 a5 13.Rad1 Ng6 14.dxe5 dxe5 15.Bxe7 Qxe7
16.Qd6 Kf8 17.Qxe7+ Kxe7 18.Rd2 Nd7 19.Ne2 Nb6 20.Bd3 Be6 21.Ng3 Rad8 22.Nh5 Kf8
23.Red1 f6 24.Be2 Rxd2 25.Nxd2 Kf7 26.Nf1 Nf8 27.Ne3 g6 28.Ng3 Nfd7 29.Bg4 h5
30.Bxe6+ Kxe6 31.h4 Nc5 32.f3 Ke7 33.Kf2 Ne6 34.Ne2 Nc5 35.Ke1 Rf8 36.g3 Ra8  1/2-1/2

[Event "Mayors Cup Open"]
[Site "Mumbai IND"]
[Date "2008.05.18"]
[Round "10"]
[White "Shiven,K"]
[Black "Mitali,M"]
[Result "1-0"]
[WhiteElo "2086"]
[BlackElo "1940"]

1.e4 d6 2.d4 Nf6 3.Nc3 e5 4.Nf3 Nbd7 5.Bc4 Be7 6.O-O O-O 7.Re1 c6 8.a4 b6
9.h3 a6 10.Ba2 Qc7 11.dxe5 dxe5 12.Nh4 Nc5 13.Qf3 Be6 14.Nf5 Bxa2 15.Rxa2 Ne6
16.Qh5 Kh8 17.Nxe7 Qxe7 18.Qxe5 Nd7 19.Qg3 Rad8 20.Be3 Qb4 21.Rd1 Nf6 22.Rxd8 Rxd8
23.Qe5 Re8 24.f3 c5 25.Qd6 Rd8 26.Qc6 Nd4 27.Qc7 Rg8 28.e5 Ne8 29.Qxf7 Nxc2
30.Bf2 Nd4 31.f4 Nc6 32.Qd7 Qxf4 33.Qxc6 Qc1+ 34.Kh2 Rf8 35.e6 h6 36.Ne4 Nf6
37.e7 Rg8 38.Nxf6 gxf6 39.Qxf6+ Kh7 40.Qf7+ Rg7 41.Qf5+ Rg6 42.e8=Q Qc4 43.Qfxg6+  1-0

[Event "Mayors Cup Open"]
[Site "Mumbai IND"]
[Date "2008.05.18"]
[Round "10"]
[White "Sangeetha,M"]
[Black "Devesh,M"]
[Result "1/2-1/2"]
[WhiteElo "2102"]
[BlackElo "1955"]

1.e4 d6 2.d4 Nf6 3.Nc3 Nbd7 4.Be3 e5 5.d5 c6 6.f3 Be7 7.a3 Nb6 8.Qd2 O-O
9.a4 cxd5 10.exd5 Re8 11.a5 Nbd7 12.Bc4 e4 13.f4 Ng4 14.Nge2 Bh4+ 15.g3 Bf6
16.O-O Nc5 17.b4 Nd3 18.Rab1 Nxe3 19.Qxe3 Bh3 20.cxd3 exd3 21.Qxd3 Bxf1 22.Rxf1 Rc8
23.Bb5 Re7 24.a6 bxa6 25.Bxa6 Rb8 26.Bb5 Qb6+ 27.Kg2 Re3 28.Qd2 Bxc3 29.Nxc3 Rxc3
30.Qxc3 Qxb5  1/2-1/2

[Event "Mayors Cup Open"]
[Site "Mumbai IND"]
[Date "2008.05.19"]
[Round "11"]
[White "Negi,V"]
[Black "Devesh,M"]
[Result "1-0"]
[WhiteElo "2140"]
[BlackElo "1955"]

1.e4 d6 2.d4 Nf6 3.Nc3 Nbd7 4.Nf3 e5 5.Bc4 Be7 6.O-O O-O 7.h3 c6 8.dxe5 dxe5
9.a4 a5 10.Qe2 h6 11.Rd1 Qc7 12.Nh4 Nc5 13.Ng6 Rd8 14.Nxe7+ Qxe7 15.Rxd8+ Qxd8
16.Be3 Qe7 17.Qf3 Be6 18.Bf1 Rd8 19.g4 Ncd7 20.g5 hxg5 21.Bxg5 Re8 22.b3 Qc5
23.Bc1 Nf8 24.Ba3 Qb6 25.Rd1 Rd8 26.Bc5 Qc7 27.Qe3 Rxd1 28.Nxd1 N8d7 29.Ba3 Nf8
30.Nb2 Ng6 31.Nd3 Nh5 32.Bb2 Nhf4 33.Nxe5 Nxe5 34.Qxf4 f6 35.Qe3 c5 36.c4 b6
37.Qg3 Qd7 38.Bxe5 fxe5 39.Kg2 Bf7 40.Qe3 Bh5 41.Be2 Bxe2 42.Qxe2  1-0

[Event "Capo d'Orso Open"]
[Site "Porto Mannu Palau ITA"]
[Date "2008.05.19"]
[Round "3"]
[White "Weber,Me"]
[Black "Deruda,L"]
[Result "1-0"]
[WhiteElo "2112"]
[BlackElo "1872"]

1.e4 d6 2.d4 Nf6 3.Nc3 Nbd7 4.Nf3 e5 5.Bc4 Be7 6.h3 O-O 7.O-O c6 8.a4 a5
9.Bd3 exd4 10.Nxd4 Nc5 11.Re1 Qb6 12.Bf1 Re8 13.g3 Bf8 14.Bg2 g6 15.Rb1 Bg7
16.Be3 Qc7 17.f3 Ne6 18.Nde2 Nc5 19.Nf4 Ne6 20.Nd3 Nh5 21.Ne2 Bd7 22.c3 Rad8
23.f4 Nc5 24.Nxc5 dxc5 25.Qc2 Qc8 26.Kh2 b6 27.b4 Bf8 28.bxa5 bxa5 29.c4 Nf6
30.Rb3 Be7 31.Reb1 Qa8 32.Rb7 Rb8 33.Rxb8 Rxb8 34.Rxb8+ Qxb8 35.Qd2 Qb4 36.e5 Qxd2
37.Bxd2 Ne8 38.Bxa5 Be6 39.Bxc6 Bxc4 40.Nc3 Ng7 41.Nd5 Bf8 42.Nf6+ Kh8 43.Bd5 Bxd5
44.Nxd5 Ne6 45.Bb6 c4 46.a5 Nc5 47.Kg2 Na6 48.Bd4 Ba3 49.e6+  1-0